[Event "4NCL 2021-22"]
[Site "England"]
[Date "2022.02.12"]
[Round "3.38"]
[White "Izod, Chris"]
[Black "Chow, Samuel"]
[Result "0-1"]
[WhiteElo "2065"]
[BlackElo "2400"]
[Annotator "TA"]
[PlyCount "72"]
[EventDate "2021.11.27"]
[EventType "team-tourn"]
[EventCountry "ENG"]
[SourceTitle "playchess.com"]
[Source "ChessBase"]
[SourceQuality "1"]

{[%evp 19,72,0,15,16,16,0,0,0,33,10,36,6,14,-6,96,99,83,68,137,144,116,106,260,258,260,185,185,183,200,191,189,185,222,245,348,232,217,217,217,217,217,217,217,217,217,217,217,200,199,124,224,16,21,-409,-407]} 1. d4 Nf6 2. Nf3 g6 3. c4 Bg7 4. Nc3 d5 5. cxd5 Nxd5 6. e4 Nxc3 7. bxc3 c5 8. Be3 Qa5 9. Qd2 O-O $1 {[%mdl 4] is currently scoring better than 9...Nc6.} 10. Rb1 a6 11. Rc1 {D85: Exchange Grünfeld: Unusual White 7th moves and lines with 7 Nf3.} Bg4 12. Ng5 b5 13. h3 {The position is equal.} Bc8 14. Bd3 {[#]} (14. h4 $5 {[%cal Rh4h5]}) 14... e6 $146 ({Predecessor:} 14... Rd8 15. d5 c4 16. Bb1 e6 17. O-O Nc6 18. Qe2 exd5 19. exd5 Ne5 20. Bd4 Qc7 {½-½ (116) Hainke,G (2305)-Zuse,P (2196) Germany 2016}) 15. e5 Rd8 16. Ne4 cxd4 (16... Bb7 $1 $11 {keeps the balance.}) 17. cxd4 $16 Qxd2+ 18. Kxd2 {aiming for Bg5.} ({But not} 18. Bxd2 Bb7 19. Be3 Nc6 $15) 18... Bb7 ({Black should try} 18... Nd7 $1 $14) 19. Rc7 Bd5 {[%cal Og7e5]} 20. Bg5 $36 {[%mdl 2048] White is really pushing.} Nc6 (20... Rf8 $16) 21. Bxd8 $18 Rxd8 22. Ke3 {Threatens to win with Nf6+.} Nb4 {[#]} 23. Bb1 Ba8 24. Nc3 Bxg2 25. Rh2 Ba8 {[#]} 26. f4 $1 Kf8 (26... Bf8 $142 27. Be4 Bxe4 28. Kxe4 a5) 27. Rb2 Nc6 {[%cal Og6g5]} 28. Be4 Ne7 29. Bxa8 Rxa8 30. Ke4 Rd8 31. a4 Nf5 32. Ne2 bxa4 33. Rbc2 Ne7 34. Ra2 ({White should play} 34. Rb7 $18) 34... Rb8 (34... Nd5 $16 35. Rb7 Ra8 36. Rxa4 Kg8) 35. Rxa4 $2 (35. Nc3 $18) 35... Nd5 $11 {Strongly threatening ...Rb3.} 36. Rd7 $2 {[%mdl 8192]} (36. Rc5 $1 $11) 36... Nb6 $1 {[%csl LRa4,LRd7] Quite a comeback for Black.  Weighted Error Value: White=0.58/Black=0.31} 0-1

[Event "4NCL 2021-22"]
[Site "England"]
[Date "2022.02.12"]
[Round "3.39"]
[White "Camacho Collados, Jose"]
[Black "Smith, Lynda"]
[Result "1-0"]
[WhiteElo "2400"]
[BlackElo "1826"]
[Annotator "TA"]
[PlyCount "67"]
[EventDate "2021.11.27"]
[EventType "team-tourn"]
[EventCountry "ENG"]
[SourceTitle "playchess.com"]
[Source "ChessBase"]
[SourceQuality "1"]

{[%evp 9,67,33,62,62,59,58,56,43,47,49,41,29,77,43,54,44,116,118,111,122,179,177,183,193,183,176,186,179,220,199,229,200,252,191,286,276,349,334,387,294,327,327,446,395,385,380,771,497,468,447,581,577,532,534,534,417,399,410,410,379]} 1. Nf3 f5 2. d3 {[%cal Bd2d3,Bd3d4,Bd4d5][%mdl 32]} Nf6 3. e4 d6 4. exf5 Bxf5 5. d4 e6 6. Bd3 {A04: Unusual lines after 1 Nf3 and King's Indian Attack.} Be7 7. O-O O-O 8. Re1 {[#] White is slightly better.} Nc6 $146 ({Predecessor:} 8... Qd7 9. c4 Bg4 10. h3 Bxf3 11. Qxf3 Nc6 12. Be3 Nb4 13. Qd1 Nxd3 14. Qxd3 Rae8 {1-0 (50) Cyborowski,L (2529)-Koziak,V (2470) Rewal 2010}) 9. Bxf5 exf5 10. d5 Nb4 (10... Ne5 $1 $11) 11. Nd4 {And now Ne6 would win.} Qd7 (11... Nfxd5 $2 12. Ne6 Qd7 13. Nxf8 Rxf8 14. c3 $18) 12. c4 $36 {[%mdl 2048] Black is under pressure.} Ne4 {White stays focused until the end.} (12... Rfe8 $14) 13. a3 $16 Na6 {[#]} 14. f3 $1 Ng5 (14... Nf6 $16 {was necessary.} 15. Nc3 Rfe8) 15. Bxg5 $18 Bxg5 16. Ne6 Bf6 17. Nxf8 Rxf8 18. Ra2 Be5 (18... Nc5 $142 19. b4 Na4) 19. b4 Qf7 20. Nd2 Qf6 21. Nf1 g5 (21... Nb8 {was worth a try.} 22. g3 f4) 22. Kh1 Kh8 23. Qa4 g4 24. Qd7 gxf3 25. gxf3 Rg8 26. Rg2 Rxg2 27. Kxg2 {Really sharp!} Qg5+ (27... Qg7+ 28. Qxg7+ Kxg7) 28. Ng3 f4 {[#]} 29. Qf5 $1 Qg8 (29... Qxf5 30. Nxf5) 30. Rxe5 dxe5 31. Qxe5+ Qg7 32. Qe8+ Qg8 {[#]} 33. Qxg8+ Kxg8 34. Ne2 {Weighted Error Value: White=0.24 (precise) /Black=0.38} 1-0

[Event "4NCL 2021-22"]
[Site "England"]
[Date "2022.02.12"]
[Round "3.40"]
[White "Moreby, Kurt"]
[Black "Palliser, Richard J D"]
[Result "0-1"]
[WhiteElo "1673"]
[BlackElo "2413"]
[Annotator "ChessBase"]
[PlyCount "72"]
[EventDate "2021.11.27"]
[EventType "team-tourn"]
[EventCountry "ENG"]
[SourceTitle "playchess.com"]
[Source "ChessBase"]
[SourceQuality "1"]
[TimeControl "40/6000+30:3000+30"]

1. d4 {[%emt 0:00:24]} Nf6 {[%emt 0:00:04]} 2. Nf3 {[%emt 0:00:34]} g6 {[%emt 0:00:04]} 3. c4 {[%emt 0:00:33]} Bg7 {[%emt 0:00:03]} 4. Nc3 {[%emt 0:00:17]} O-O {[%emt 0:00:06]} 5. e4 {[%emt 0:00:15]} d6 {[%emt 0:00:04]} 6. Be2 {[%emt 0:01:02]} Nbd7 {[%emt 0:00:10]} 7. O-O {[%emt 0:01:08]} e5 {[%emt 0:00:40]} 8. dxe5 {[%emt 0:03:35]} dxe5 {[%emt 0:00:07]} 9. b4 {[%emt 0:01:03]} Nh5 {[%emt 0:09:26]} 10. Qc2 {[%emt 0:12:40]} Nf4 {[%emt 0:00:40]} 11. Nd5 {[%emt 0:02:34]} Ne6 {[%emt 0:02:09]} 12. Bb2 {[%emt 0:01:28]} f5 {[%emt 0:10:03]} 13. exf5 {[%emt 0:09:59]} gxf5 {[%emt 0:00:24]} 14. Ne3 {[%emt 0:04:30]} e4 {[%emt 0:03:19]} 15. Bxg7 {[%emt 0:07:28]} exf3 {[%emt 0:18:33]} 16. Bxf8 {[%emt 0:00:54]} fxe2 {[%emt 0:06:25]} 17. Qxe2 {[%emt 0:02:06]} Qxf8 {[%emt 0:01:13]} 18. Nd5 {[%emt 0:07:18]} Nf6 {[%emt 0:08:37]} 19. Qe5 {[%emt 0:08:03]} Ng4 {[%emt 0:10:44]} 20. Qg3 {[%emt 0:01:43]} c6 {[%emt 0:04:04]} 21. f3 {[%emt 0:04:55]} cxd5 {[%emt 0:00:36]} 22. fxg4 {[%emt 0:00:16]} f4 {[%emt 0:00:13]} 23. Qc3 {[%emt 0:03:42]} d4 {[%emt 0:00:12]} 24. Qd2 {[%emt 0:00:42]} Qg7 {[%emt 0:06:53]} 25. h3 {[%emt 0:02:36]} Bd7 {[%emt 0:00:16]} 26. Rae1 {[%emt 0:02:35]} Rf8 {[%emt 0:04:29]} 27. Qd3 {[%emt 0:04:57]} h5 {[%emt 0:03:32]} 28. gxh5 {[%emt 0:06:40]} Rf6 {[%emt 0:09:52]} 29. g4 {[%emt 0:07:32]} Ng5 {[%emt 0:03:09]} 30. h4 {[%emt 0:01:51]} Bxg4 {[%emt 0:01:24]} 31. hxg5 {[%emt 0:00:42]} Qxg5 {[%emt 0:00:23]} 32. Re8+ {[%emt 0:06:47]} Kf7 {[%emt 0:00:04]} 33. Qh7+ {[%emt 0:01:01]} Kxe8 {[%emt 0:00:05]} 34. Re1+ {[%emt 0:00:14]} Be2+ {[%emt 0:00:16]} 35. Kf2 {[%emt 0:00:29]} Qg3+ {[%emt 0:00:22]} 36. Kxe2 {[%emt 0:00:12]} Re6+ {[%emt 0:00:01]} 0-1

[Event "4NCL 2021-22"]
[Site "England"]
[Date "2022.02.12"]
[Round "3.41"]
[White "Gormally, Daniel W"]
[Black "Rocco, Federico"]
[Result "0-1"]
[WhiteElo "2483"]
[BlackElo "2221"]
[Annotator "TA"]
[PlyCount "114"]
[EventDate "2021.11.27"]
[EventType "team-tourn"]
[EventCountry "ENG"]
[SourceTitle "playchess.com"]
[Source "ChessBase"]
[SourceQuality "1"]

{[%evp 20,114,20,8,11,7,-3,-9,0,-9,0,-15,6,0,0,0,0,0,0,0,14,9,6,8,6,12,5,6,11,8,8,6,7,6,6,0,0,0,0,0,0,0,0,0,0,-46,35,48,38,38,51,-142,-128,-126,-131,-126,-22,-101,-84,-122,-110,-66,0,0,0,0,0,0,0,-189,-194,-252,-212,-229,-227,-702,-488,-695,-697,-775,-665,-763,-741,-700,-579,-1111,-1097,-1246,-1197,-1130,-1150,-1474,-1329,-1606,-1377,-1526,-697]} 1. d4 Nf6 2. c4 e6 3. Nf3 b6 4. g3 Ba6 5. b3 Bb4+ 6. Bd2 Be7 7. Bg2 c6 8. Bc3 d5 9. Nbd2 O-O 10. O-O Nbd7 11. Qc2 c5 {E15: Queen's Indian: 4 g3 sidelines, 4 g3 Ba6 and 4 g3 Bb7 early deviations.} 12. e3 Rc8 13. Rfd1 dxc4 {The position is equal.} 14. bxc4 {[#]} Qc7 $146 ({Predecessor:} 14... Bb7 15. a4 Qc7 16. Rdc1 a5 17. Rab1 Rfd8 18. Ng5 Bxg2 19. Kxg2 cxd4 20. exd4 h6 {½-½ (44) Bohak,J (2193)-Ahonen,M (2170) ICCF email 2019}) 15. Bf1 Rfd8 16. d5 exd5 17. cxd5 Bxf1 18. Nxf1 c4 19. Rab1 Bd6 20. e4 Re8 21. N1d2 Ne5 22. Bxe5 Bxe5 23. Rb4 {[%cal Rb4c4]} c3 {[#]} 24. Rc4 $1 Qe7 (24... Qd6 25. Nxe5) 25. Nxe5 Qxe5 26. Nf3 Qh5 27. Rxc8 Rxc8 28. Kg2 Qg4 29. Rd4 Qd7 30. Ne5 Qd6 31. Nd3 b5 32. Rb4 (32. a4 $11) 32... g6 (32... a5 $1 $15 33. Rxb5 Nxe4) 33. f3 $14 Qb6 34. Rb3 Qd4 {[%cal Of6e4] Inhibits Ne5.} 35. Nb4 $2 (35. Rxb5 $14 {keeps the upper hand.} Nd7 36. Rb4) 35... Rc4 $1 $17 {aiming for ...Qd2+. Black is much more active.} 36. Nc6 Qe3 {Strongly threatening ...Nd7.} (36... Qd2+ 37. Qxd2 cxd2 38. Rd3 $16) 37. Rb1 (37. Rxb5 $2 Qd2+ 38. Qxd2 cxd2 $19) 37... b4 (37... Nd7 $17 {[%cal Od7e5] Threatens to win with ...Ne5!} 38. h4 (38. Rxb5 $2 Qd2+ 39. Qxd2 cxd2 $19) 38... a6) 38. Rd1 ({Not} 38. Nxb4 $2 Rd4 39. Rd1 Rxd1 40. Qxd1 Qd2+ 41. Qxd2 cxd2 $19) (38. Rxb4 $2 Qd2+ 39. Qxd2 cxd2 40. Rxc4 d1=Q $19) (38. Na5 $1 $11 Rc5 39. Nb3) 38... Nd7 39. Rd3 Qc5 40. e5 Nb6 ({Better is} 40... Nf8 $15) 41. e6 $11 {e7 is the strong threat.} fxe6 (41... Nxd5 $2 42. Rxd5 $1 {[%mdl 512]} (42. exf7+ Kxf7 43. Ne5+ Kg7 $17) 42... Qxc6 43. Rd8+ Kg7 44. e7 $18) 42. dxe6 Qxc6 43. Rd8+ Kg7 44. e7 (44. Qe2 $1 $11 c2 45. Qe5+ Kh6 46. Qe3+ g5 47. Qe5) 44... Kf7 $19 (44... b3 45. Qe2 Rc5 46. e8=Q $18) 45. Qe2 {[#]} (45. e8=Q+ {was necessary.} Qxe8 46. Rxe8 Kxe8 47. Kf2) 45... Qe8 $3 {[%mdl 512]} 46. Rxe8 Kxe8 {[%mdl 4096] Endgame KQ-KRN. Really sharp!} 47. Qe5 $2 (47. Qc2) 47... c2 {Black is clearly winning.} 48. Qg7 {Qf8+ would kill now.} Rc8 49. Qf8+ Kd7 50. Qf7 Re8 51. Qf4 {[#]} Nd5 $1 52. Qg5 Kd6 53. Kf2 Rxe7 54. Qc1 Rc7 55. Ke1 a5 {[%cal Ba7a5,Ba5a4][%mdl 32] White must now prevent ...a4.} 56. Kd2 a4 {And now ...Rc5 would win.} 57. f4 Kd7 {Weighted Error Value: White=0.57/Black=0.09 (flawless)} 0-1

[Event "4NCL 2021-22"]
[Site "England"]
[Date "2022.02.12"]
[Round "3.42"]
[White "Smith, Andrew Philip"]
[Black "Bates, Richard A"]
[Result "1-0"]
[WhiteElo "2226"]
[BlackElo "2444"]
[Annotator "TA"]
[PlyCount "59"]
[EventDate "2021.11.27"]
[EventType "team-tourn"]
[EventCountry "ENG"]
[SourceTitle "playchess.com"]
[Source "ChessBase"]
[SourceQuality "1"]

{[%evp 12,59,12,14,22,28,95,16,152,151,158,165,158,173,139,160,177,178,167,161,156,144,140,154,156,160,133,160,233,220,281,271,340,315,409,327,448,440,486,496,804,803,1822,1756,1372,1166,29992,29993,29993,29994]} 1. e4 c5 2. Nf3 d6 3. d4 cxd4 4. Nxd4 Nf6 5. Nc3 a6 6. Bg5 Nbd7 7. Be2 {7.Qe2 is setting a new trend.} Qa5 {B94: Sicilian Najdorf: 6 Bg5 Nbd7.} 8. Qd2 b5 (8... e6 $11 {remains equal.}) 9. a3 (9. a4 $16) 9... b4 {[#]} (9... e6 $11 10. f3 Bb7) 10. Nd5 $146 ({Predecessor:} 10. Na2 Nxe4 11. axb4 Qxg5 12. f4 Qxg2 13. Qe3 Qxh1+ {0-1 (13) Pinheiro,J (1631)-Pinheiro,E (1906) Natal 2013}) 10... Bb7 {Prevents Nc6.} 11. Nb3 {White is much more active. Black has bad knights.} (11. Nxb4 $2 Nxe4 12. Nbc6 Qxg5 $19) 11... Qd8 12. Bxf6 (12. axb4 $2 Nxe4 13. Qd1 Nxg5 $19) (12. Qxb4 Rb8 13. Qd4 e6 $16) 12... Nxf6 13. Nxf6+ (13. axb4 Nxe4 14. Qd4 e6 $16) 13... gxf6 14. axb4 (14. Qxb4 Qc7 $16) 14... Bg7 15. Bd3 f5 16. exf5 {And now c3 would win.} Bxb2 17. Rb1 ({Don't play} 17. O-O $6 Bxa1 18. Rxa1 Rb8 $14) 17... Bf6 18. O-O Rg8 19. g3 Qb6 (19... Rb8 $16 20. Na5 Ba8) 20. Na5 $18 Bf3 21. Qf4 Bg4 (21... Bd5 $2 22. c4 $18) 22. Rfe1 {Nc4 is the strong threat.} d5 {Inhibits Nc4.} 23. Nb3 Bc3 24. Nc5 Bxe1 25. Rxe1 Qb8 (25... Ra7 $142 26. Qd4 Bf3) 26. Qh6 {White threatens Qc6+ and mate.} Qxb4 27. Qc6+ Kf8 {[#]} 28. Rxe7 $3 {[%cal Oc6f6][%mdl 512] Threatening mate with Qf6!} Rb8 {[#]} (28... Bh3 29. Qd6) 29. Qf6 $1 {[%csl Ge7][%cal Rf6f7]} Qb1+ 30. Bf1 {White took control after the opening.  Weighted Error Value: White=0.11 (very precise) /Black=0.85} 1-0

[Event "4NCL 2021-22"]
[Site "England"]
[Date "2022.02.12"]
[Round "3.43"]
[White "Ledger, Andrew J"]
[Black "Villiers, Thomas"]
[Result "1/2-1/2"]
[WhiteElo "2438"]
[BlackElo "2277"]
[Annotator "TA"]
[PlyCount "101"]
[EventDate "2021.11.27"]
[EventType "team-tourn"]
[EventCountry "ENG"]
[SourceTitle "playchess.com"]
[Source "ChessBase"]
[SourceQuality "1"]

{[%evp 15,101,30,38,13,16,14,23,0,41,45,40,23,27,22,30,18,44,41,39,34,39,40,45,40,80,44,79,81,89,40,40,40,40,36,36,36,72,71,87,69,89,89,110,110,110,110,110,110,112,112,309,304,312,275,242,140,147,147,135,82,77,90,204,202,205,51,50,50,50,50,50,50,50,0,41,0,0,0,0,0,0,0,0,0,0,0,0,0]} 1. d4 Nf6 2. c4 e6 3. Nf3 b6 4. a3 Bb7 5. Nc3 d5 6. cxd5 exd5 7. Bf4 {7.Bg5 is becoming the main line.} Be7 8. e3 O-O 9. h3 {E12: Queen's Indian: Unusual White 4th moves, 4 a3, 4 Nc3 Bb7 5 a3 and 4 Nc3 Bb7 .} Nbd7 10. Be2 {[#]} Ne4 $146 ({Predecessor:} 10... c5 11. Ne5 Re8 12. O-O a6 13. Bf3 Nf8 14. dxc5 Bxc5 15. Qb3 Bd6 16. Nxf7 Kxf7 17. Nxd5 {1-0 (29) Pedersen,S (2338)-Vinter Schou,U (2297) Denmark 2021}) 11. Rc1 {White has an edge.} Bd6 (11... Nxc3 $11 12. Rxc3 c5) 12. Bxd6 $14 Nxd6 13. Nb5 Ne8 14. O-O c6 15. Nc3 Nd6 16. b4 Qe7 17. Re1 Nf6 18. Qb3 Rac8 19. a4 Nfe4 20. a5 b5 21. Nxe4 Nxe4 22. a6 (22. Bd3 $16) 22... Bxa6 23. Ra1 Bb7 24. Rxa7 Ra8 25. Rea1 f6 {Inhibits Ne5.} 26. Ne1 Nd2 27. Qc3 Nc4 28. Nd3 Rxa7 29. Rxa7 {Nc5 is the strong threat.} Ra8 30. Rxa8+ Bxa8 31. Qa1 Bb7 32. Qa7 {Threatens to win with Qb8+.} Kf7 $2 (32... g6 $16 {was necessary.}) 33. Qb8 $1 $18 Nd6 34. Qh8 Kg6 35. Nf4+ ({Better is} 35. h4 $18) 35... Kh6 $16 {[#]} 36. Bd3 $1 {White is more active.} f5 37. Qb8 (37. g4 $142) 37... Bc8 38. Be2 {Hoping for Nd3.} g6 {[#]} (38... Bd7 $16 {was worth a try.}) 39. Nd3 $1 $18 {Black must now prevent Ne5.} Bd7 40. Ne5 $2 ({White should try} 40. Qa7 $18) 40... Be8 $1 $14 41. g4 Kg7 42. Bd3 fxg4 43. hxg4 Nf7 44. f4 (44. Kg2 $14) 44... Nxe5 (44... Nd6 $11) 45. dxe5 (45. Qxe5+ $14 Kf7 46. Qxe7+ Kxe7 47. Kf2) 45... d4 $11 {The position is equal.} 46. exd4 Qxb4 47. Qxe8 {aiming for Qd7+.} Qe1+ 48. Kg2 Qd2+ 49. Kg1 Qe3+ 50. Kg2 Qd2+ 51. Kg1 {Blacks defense is rewarded with a draw.  Weighted Error Value: White=0.17 (very precise) /Black=0.15 (very precise)} 1/2-1/2

[Event "4NCL 2021-22"]
[Site "England"]
[Date "2022.02.12"]
[Round "3.44"]
[White "Stoica, Savas Marin"]
[Black "Ansell, Simon T"]
[Result "0-1"]
[WhiteElo "2129"]
[BlackElo "2432"]
[Annotator "TA"]
[PlyCount "122"]
[EventDate "2021.11.27"]
[EventType "team-tourn"]
[EventCountry "ENG"]
[SourceTitle "playchess.com"]
[Source "ChessBase"]
[SourceQuality "1"]

{[%evp 19,122,8,14,16,20,0,42,2,22,19,6,9,16,7,11,3,7,9,7,0,8,0,0,0,45,39,58,37,46,49,52,32,97,0,88,0,98,99,94,83,91,95,82,83,120,91,86,0,124,89,88,71,77,-69,-79,-95,-67,-79,-70,-74,-54,-53,-55,-81,-77,-172,-109,-106,-109,-98,-89,-88,-91,-95,-84,-104,-77,-92,-85,-633,-634,-29967,-29968,-29968,-5820,-29969,-29971,-29971,-29972,-29971,-29972,-29973,-29973,-29974,-29974,-29976,-29975,-29975,-29976,-29976,-29976,-29976,-29977,-29976,-29977]} 1. Nf3 d5 2. c4 c6 3. e3 Nf6 4. Nc3 e6 5. d4 Be7 6. Qc2 O-O 7. b3 Nbd7 8. Be2 b6 9. O-O Bb7 10. Bb2 Rc8 11. Rfd1 {D45: Semi-Slav: 5 e3.} c5 12. dxc5 bxc5 {[#]} (12... Rxc5 $11 13. b4 Rc6) 13. Rd2 $146 {White is slightly better.} ({Predecessor:} 13. Rac1 Qb6 14. Qb1 Rfd8 15. Rc2 Ne4 16. Nxe4 dxe4 17. Ne5 Nf8 18. Bh5 g6 19. Be2 {0-1 (62) Ustianovich,N (2344)-Motylev,A (2633) Katowice 2021}) 13... Qc7 14. Rad1 Rfd8 15. cxd5 exd5 16. Qf5 (16. Nxd5 Nxd5 17. Rxd5 Bxd5 18. Rxd5 Bf6 $15) 16... Nf8 17. Bd3 (17. Nxd5 Nxd5 18. Rxd5 g6 $17) 17... g6 18. Qe5 Qxe5 19. Nxe5 Ne6 20. Ne2 Kf8 21. f3 a5 (21... Nd7 $11 {is more appropriate.}) 22. Bb5 $14 Rc7 $1 23. Kf2 Ra8 24. Rc2 Ba6 25. Bc6 Bb7 ({Black should try} 25... Rd8 $14) 26. Bb5 Ba6 $1 27. Bc6 Bb7 28. Bxb7 Rxb7 29. Nc6 a4 30. bxa4 Rd7 31. a5 Ne8 32. Ba3 Bd6 {Prevents Nf4. Threatens to win with ...Rc7.} 33. Rb2 ({Better is} 33. Rxd5 $16 {And now Ne5 would win.} Rc7 34. Ne5 (34. Bxc5 Rxc6 35. Bxd6+ Rxd6 $17)) 33... c4 (33... Rc8 $11 {keeps the balance.} 34. Rb6 Rdc7) 34. Ne5 Rdd8 35. Bxd6+ Rxd6 36. Rb5 (36. Nc3 $16) 36... f6 $15 {Hoping for ...N6c7.} 37. Rdxd5 {aiming for Nd7+.} Rxd5 38. Rxd5 fxe5 39. Rxe5 Kf7 40. Nc3 Nd6 41. Ke1 Nb7 42. Nb5 (42. Rb5 $17 Nxa5 43. h4) 42... Nbc5 ({Worse is} 42... Rxa5 43. Nd6+ Ke7 44. Rxa5 Nxa5 45. Ne4 $17) (42... Nxa5 43. Rxe6 $1 Kxe6 44. Nc7+ Kd6 45. Nxa8 $11) (42... Nec5 $19 {White must now prevent ...Nd3+.} 43. Kd1 Rxa5) 43. Rd5 $17 ({Don't blunder} 43. Nd6+ $2 Ke7 44. Nxc4 Nd3+ 45. Kd2 Nxe5 46. Nxe5 Nd8 $19) 43... Rxa5 44. Nd6+ Ke7 45. Nxc4 Rxa2 46. Rd2 Ra4 47. Ne5 Kf6 48. Ng4+ Kg7 49. Kf2 $2 {[%mdl 8192] [#] This move loses the game for White.} (49. Ne5 $17) 49... Rxg4 $1 $19 {[%mdl 512]} 50. fxg4 (50. Rc2 Ra4) 50... Ne4+ 51. Ke2 Nxd2 52. Kxd2 {[%mdl 4096] Endgame KN-KP} Kf6 {Black mates.} 53. Ke2 Ke5 54. Kf3 Ng5+ 55. Kf2 Ke4 56. h3 Nf7 57. h4 Ne5 58. g5 Ng4+ 59. Kg3 Nxe3 60. h5 Kf5 ({And not} 60... gxh5 61. Kh4 $11) 61. hxg6 hxg6 {Weighted Error Value: White=0.50/Black=0.11 (very precise)} 0-1

[Event "4NCL 2021-22"]
[Site "England"]
[Date "2022.02.12"]
[Round "3.45"]
[White "Duncan, Chris R"]
[Black "Ethelontis, Alexandros N"]
[Result "1-0"]
[WhiteElo "2252"]
[BlackElo "2131"]
[Annotator "ChessBase"]
[PlyCount "87"]
[EventDate "2021.11.27"]
[EventType "team-tourn"]
[EventCountry "ENG"]
[SourceTitle "playchess.com"]
[Source "ChessBase"]
[SourceQuality "1"]
[TimeControl "40/6000+30:3000+30"]

1. Nf3 {[%emt 0:01:49]} f5 {[%emt 0:00:21]} 2. d3 {[%emt 0:00:26]} Nc6 {[%emt 0:00:57]} 3. e4 {[%emt 0:00:07]} e5 {[%emt 0:00:26]} 4. Nc3 {[%emt 0:01:45]} Bb4 {[%emt 0:00:51]} 5. a3 {[%emt 0:32:07]} Bxc3+ {[%emt 0:06:33]} 6. bxc3 {[%emt 0:00:02]} Nf6 {[%emt 0:01:40]} 7. exf5 {[%emt 0:00:52]} d5 {[%emt 0:08:54]} 8. Rb1 {[%emt 0:00:07]} O-O {[%emt 0:04:15]} 9. Be2 {[%emt 0:00:20]} Bxf5 {[%emt 0:18:04]} 10. Rxb7 {[%emt 0:00:32]} Qd6 {[%emt 0:08:12]} 11. O-O {[%emt 0:01:16]} h6 {[%emt 0:04:58]} 12. h3 {[%emt 0:02:52]} Nd7 {[%emt 0:08:33]} 13. Rb1 {[%emt 0:02:44]} Be6 {[%emt 0:11:20]} 14. Nh2 {[%emt 0:13:59]} Nf6 {[%emt 0:07:44]} 15. Ng4 {[%emt 0:02:27]} Nd7 {[%emt 0:04:24]} 16. Qd2 {[%emt 0:03:09]} Rf7 {[%emt 0:03:05]} 17. a4 {[%emt 0:04:22]} Nf6 {[%emt 0:02:19]} 18. Rb3 {[%emt 0:04:55]} Qd7 {[%emt 0:02:27]} 19. Qd1 {[%emt 0:06:50]} Rd8 {[%emt 0:10:39]} 20. Nxf6+ {[%emt 0:07:33]} Rxf6 {[%emt 0:00:08]} 21. Bg4 {[%emt 0:00:14]} Rdf8 {[%emt 0:01:10]} 22. Qe2 {[%emt 0:04:53]} Rg6 {[%emt 0:00:47]} 23. f3 {[%emt 0:02:12]} Rgf6 {[%emt 0:00:39]} 24. Rb7 {[%emt 0:04:07]} Qd6 {[%emt 0:01:00]} 25. Rb3 {[%emt 0:00:55]} Qd7 {[%emt 0:00:12]} 26. Ba3 {[%emt 0:01:03]} R8f7 {[%emt 0:00:27]} 27. Ra1 {[%emt 0:02:59]} g6 {[%emt 0:00:33]} 28. Re1 {[%emt 0:01:06]} Bf5 {[%emt 0:00:26]} 29. Bc1 {[%emt 0:00:42]} h5 {[%emt 0:01:17]} 30. Bxf5 {[%emt 0:00:23]} Rxf5 {[%emt 0:00:51]} 31. h4 {[%emt 0:01:50]} Nd8 {[%emt 0:00:46]} 32. Rb8 {[%emt 0:00:20]} Kg7 {[%emt 0:01:05]} 33. Qe3 {[%emt 0:00:07]} Nc6 {[%emt 0:01:11]} 34. Qh6+ {[%emt 0:00:27]} Kf6 {[%emt 0:00:04]} 35. Bg5+ {[%emt 0:00:31]} Ke6 {[%emt 0:00:09]} 36. Qxg6+ {[%emt 0:00:38]} R5f6 {[%emt 0:00:10]} 37. Bxf6 {[%emt 0:01:20]} Rxf6 {[%emt 0:00:30]} 38. Re8+ {[%emt 0:00:31]} Ne7 {[%emt 0:00:23]} 39. Qxh5 {[%emt 0:01:14]} Rf5 {[%emt 0:01:12]} 40. Qg6+ {[%emt 0:00:30]} Rf6 {[%emt 0:00:08]} 41. Qg4+ {[%emt 0:50:09]} Rf5 {[%emt 0:50:19]} 42. Rf8 {[%emt 0:01:17]} Kd6 {[%emt 0:01:30]} 43. Rxf5 {[%emt 0:00:27]} Nxf5 {[%emt 0:00:14]} 44. Qg6+ {[%emt 0:01:40]} 1-0